000 00316nam a2200133 i 4500
001 bg
100 1 _aRUDAK, Jan
245 0 _aRusskij jazyk dla architektorov i stroitelej /
_cJan Rudak.
260 _aGdaƄsk,
_c1981.
040 _cBPK
041 _apol
942 _cKS
008 s pl f |000 0 pol
999 _c20359
_d20359
856 _uhttp://koha.tu.koszalin.pl/cgi-bin/koha/opac-detail.pl?biblionumber=20359
_yKatalog online BPK